| 000 | 00642nam a2200229Ia 4500 | ||
|---|---|---|---|
| 003 | GCL | ||
| 008 | 140319s9999 xx 000 0 ara d | ||
| 040 |
_aGCL / _cGCL |
||
| 082 | 0 | 4 |
_a322.2 _bط م |
| 100 | 1 | _aطه سعد عثمان | |
| 245 | 1 | 0 |
_aمن تاريخ عمال مصر / _cطه سعد عثمان |
| 260 |
_a[S.N] : _bمكتبة مدبولى ، _c1983 |
||
| 300 | _a381 | ||
| 490 | _a | ||
| 650 | 0 | 4 | _aالعصر الحديث |
| 650 | 0 | 4 | _aمصر |
| 650 | 0 | 4 | _aتاريخ |
| 650 | 0 | 4 | _aالاحوال السياسية |
| 650 | 0 | 4 | _aالنقابات العمالية |
| 650 | 0 | 4 | _aالملك فاروق |
| 942 |
_2ddc _cBK |
||
| 999 |
_c36754 _d36754 |
||